000 00424nam a22001697a 4500
003 NUST - PNEC
005 20170116181128.0
008 151006b xxu||||| |||| 00| 0 eng d
040 _cLIBRARY
082 _a152.14 MUE
100 _913816
_a Mueller, Conrad G.
245 _aLight and vision
_cConrad G. Mueller
250 _a2nd ed.
260 _cc1980
650 _95245
_aPhysical optics
_xGeneral
942 _2ddc
_cBK
999 _c69852
_d69852